000 00826nam a2200241Ia 4500
003 GCL
008 140319s9999 xx 000 0 ara d
040 _aGCL /
_cGCL
082 0 4 _a657.076
_bم ح
100 1 _aمحمد الفيومى
245 1 0 _aحلول اسئلة وتمارين كتاب المحاسبة والحاسبات الالية /
_cمحمد الفيومى
700 1 _aصلاح الدين عبدالمنعم مبارك
260 _a[S.N] :
_bقسم المحاسبة- كلية التجارة. جامعة الاسكندرية ،
_c1993
300 _a169 ص
490 _a
650 0 4 _aالحاسبات الالكترونية
650 0 4 _aالمحاسبة
650 0 4 _aالبرمجة
650 0 4 _aالالات الحاسبة
650 0 4 _aاللوتس
650 0 4 _aبيسك
942 _2ddc
_cBK
999 _c29589
_d29589